| 000 | 00512cam a2200193ua 4500 | ||
|---|---|---|---|
| 003 | OSt | ||
| 008 | 250104b |||||||| |||| 00| 0 eng d | ||
| 020 | _a81-224-0071-X | ||
| 041 | _aeng | ||
| 082 |
_a621.381 _bCHA/FO |
||
| 100 |
_aChattopadhyay, D . _96750 |
||
| 245 | _aFoundations of Electronics / | ||
| 260 |
_aNew Delhi : _bNew Age International Ltd , _c1997. |
||
| 300 | _a456 ; . | ||
| 700 | 1 |
_aPurkail , N N . _96754 |
|
| 700 | 1 |
_aRakshit, P C . _96752 |
|
| 700 | 1 |
_aSaha, B . _96753 |
|
| 942 | _cBK | ||
| 999 |
_c2029 _d2029 |
||